[Event "XVII Open Internacional Villa de Ibi"]
[Site "Ibi, Spain"]
[Date "2019.09.08"]
[Round "3.2"]
[White "Giaccio, Alfredo"]
[Black "Torres Sanchez, Jose"]
[Result "1-0"]
[WhiteElo "2420"]
[BlackElo "2238"]
[PlyCount "77"]
[EventDate "2019.??.??"]

1. e4 {[%clk 00:15:01]  [%emt 00:00:03]} 1... c5 {
[%clk 00:15:02]  [%emt 00:00:04]} 2. Nf3 {[%clk 00:15:00]  [%emt 00:00:03]}
2... Nc6 {[%clk 00:15:01]} 3. d4 {[%clk 00:14:59]  [%emt 00:00:07]} 3... cxd4 {
[%clk 00:15:01]  [%emt 00:00:03]} 4. Nxd4 {[%clk 00:15:00]} 4... Qb6 {
[%clk 00:14:57]  [%emt 00:00:03]} 5. Nb3 {[%clk 00:14:55]  [%emt 00:00:08]}
5... Nf6 {[%clk 00:14:57]  [%emt 00:00:04]} 6. Nc3 {
[%clk 00:14:54]  [%emt 00:00:04]} 6... e6 {[%clk 00:14:56]} 7. a3 {
[%clk 00:14:53]  [%emt 00:00:03]} 7... a6 {[%clk 00:14:54]  [%emt 00:00:03]} 8.
Bd3 {[%clk 00:14:50]  [%emt 00:00:04]} 8... Be7 {
[%clk 00:14:33]  [%emt 00:00:36]} 9. Qe2 {[%clk 00:14:48]} 9... Qc7 {
[%clk 00:14:31]} 10. f4 {[%clk 00:14:46]  [%emt 00:00:24]} 10... d6 {
[%clk 00:14:29]} 11. Be3 {[%clk 00:14:46]} 11... b5 {[%clk 00:14:26]} 12. a4 {
[%clk 00:14:45]} 12... b4 {[%clk 00:14:21]} 13. Nb1 {[%clk 00:14:45]} 13... Bb7
{[%clk 00:14:15]  [%emt 00:00:08]} 14. a5 {[%clk 00:14:44]  [%emt 00:00:03]}
14... O-O {[%clk 00:14:02]  [%emt 00:00:15]} 15. O-O {
[%clk 00:14:26]  [%emt 00:00:19]} 15... e5 {[%clk 00:13:43]  [%emt 00:00:21]}
16. f5 {[%clk 00:14:13]  [%emt 00:00:13]} 16... d5 {
[%clk 00:13:23]  [%emt 00:00:23]} 17. Bb6 {[%clk 00:13:46]  [%emt 00:00:29]}
17... Qc8 {[%clk 00:13:12]  [%emt 00:00:22]} 18. N1d2 {
[%clk 00:13:16]  [%emt 00:00:33]} 18... Re8 {[%clk 00:12:32]  [%emt 00:00:31]}
19. Rae1 {[%clk 00:11:16]  [%emt 00:02:02]} 19... dxe4 {
[%clk 00:08:55]  [%emt 00:03:39]} 20. Nxe4 {[%clk 00:11:13]  [%emt 00:00:07]}
20... Nd4 {[%clk 00:08:40]  [%emt 00:00:16]} 21. Nxd4 {
[%clk 00:09:45]  [%emt 00:01:30]} 21... exd4 {[%clk 00:08:39]  [%emt 00:00:15]}
22. Qf2 {[%clk 00:07:52]  [%emt 00:01:42]} 22... Nxe4 {
[%clk 00:04:13]  [%emt 00:04:28]} 23. Bxe4 {[%clk 00:07:52]  [%emt 00:00:41]}
23... Bf6 {[%clk 00:04:11]} 24. Bxb7 {[%clk 00:06:42]  [%emt 00:00:37]} 24...
Qxb7 {[%clk 00:04:12]  [%emt 00:00:11]} 25. Bxd4 {
[%clk 00:06:38]  [%emt 00:00:03]} 25... Qc6 {[%clk 00:03:30]  [%emt 00:00:40]}
26. Bxf6 {[%clk 00:05:00]  [%emt 00:02:10]} 26... Qxf6 {[%clk 00:03:30]} 27. b3
{[%clk 00:05:01]} 27... Rec8 {[%clk 00:03:15]  [%emt 00:00:03]} 28. Re2 {
[%clk 00:04:39]  [%emt 00:00:20]} 28... h6 {[%clk 00:03:11]} 29. h3 {
[%clk 00:04:22]  [%emt 00:00:44]} 29... Rc3 {[%clk 00:02:55]} 30. Qf4 {
[%clk 00:04:06]  [%emt 00:00:05]} 30... Rac8 {[%clk 00:02:28]  [%emt 00:00:29]}
31. Rff2 {[%clk 00:04:04]  [%emt 00:00:33]} 31... Rd8 {
[%clk 00:01:03]  [%emt 00:01:08]} 32. Qxb4 {[%clk 00:03:05]  [%emt 00:00:51]}
32... Rd1+ {[%clk 00:01:00]  [%emt 00:00:12]} 33. Kh2 {[%clk 00:03:05]} 33...
Rc6 {[%clk 00:00:28]  [%emt 00:00:28]} 34. Re8+ {
[%clk 00:01:58]  [%emt 00:01:10]} 34... Kh7 {[%clk 00:00:29]  [%emt 00:00:15]}
35. Qf8 {[%clk 00:01:59]} 35... Qd6+ {[%clk 00:00:26]} 36. Qxd6 {
[%clk 00:01:59]  [%emt 00:00:11]} 36... Rcxd6 {[%clk 00:00:26]} 37. Rb8 {
[%clk 00:01:53]} 37... R1d5 {[%clk 00:00:21]  [%emt 00:00:04]} 38. b4 {
[%clk 00:01:53]  [%emt 00:00:04]} 38... Rc6 {[%clk 00:00:19]  [%emt 00:00:12]}
39. g4 {[%clk 00:01:35]  [%emt 00:00:07]} 1-0

[Event "XVII Open Internacional Villa de Ibi"]
[Site "Ibi, Spain"]
[Date "2019.09.08"]
[Round "3.3"]
[White "Nicolas Zapata, Javier"]
[Black "Valmana Canto, Jaime"]
[Result "0-1"]
[WhiteElo "2145"]
[BlackElo "2416"]
[PlyCount "122"]
[EventDate "2019.??.??"]

1. d4 {[%clk 00:15:02]  [%emt 00:00:37]} 1... Nf6 {[%clk 00:15:02]} 2. Bf4 {
[%clk 00:14:59]} 2... d6 {[%clk 00:15:02]} 3. Nc3 {
[%clk 00:14:57]  [%emt 00:00:03]} 3... Nbd7 {[%clk 00:14:41]  [%emt 00:00:07]}
4. e4 {[%clk 00:14:43]  [%emt 00:00:08]} 4... e5 {
[%clk 00:14:36]  [%emt 00:00:17]} 5. Be3 {[%clk 00:14:25]  [%emt 00:00:12]}
5... Be7 {[%clk 00:14:19]  [%emt 00:00:16]} 6. Nge2 {
[%clk 00:12:38]  [%emt 00:01:49]} 6... O-O {[%clk 00:13:29]  [%emt 00:00:51]}
7. f3 {[%clk 00:12:32]  [%emt 00:00:24]} 7... Re8 {
[%clk 00:11:38]  [%emt 00:01:38]} 8. d5 {[%clk 00:12:32]  [%emt 00:00:31]} 8...
c6 {[%clk 00:11:01]  [%emt 00:00:11]} 9. Qd2 {[%clk 00:11:01]  [%emt 00:01:32]}
9... cxd5 {[%clk 00:09:58]  [%emt 00:01:06]} 10. exd5 {
[%clk 00:10:58]  [%emt 00:00:11]} 10... Nb6 {[%clk 00:08:28]  [%emt 00:01:26]}
11. Ng3 {[%clk 00:10:26]  [%emt 00:00:32]} 11... Bd7 {
[%clk 00:08:28]  [%emt 00:00:33]} 12. a4 {[%clk 00:07:56]  [%emt 00:02:02]}
12... Qc7 {[%clk 00:07:21]  [%emt 00:01:08]} 13. Qd3 {
[%clk 00:05:27]  [%emt 00:02:31]} 13... Rec8 {[%clk 00:04:45]  [%emt 00:02:40]}
14. Nge4 {[%clk 00:03:27]  [%emt 00:02:00]} 14... Nc4 {
[%clk 00:03:26]  [%emt 00:01:22]} 15. Bc1 {[%clk 00:02:52]  [%emt 00:00:36]}
15... b6 {[%clk 00:02:55]  [%emt 00:00:43]} 16. b3 {
[%clk 00:02:29]  [%emt 00:00:17]} 16... Na5 {[%clk 00:02:56]} 17. Bd2 {
[%clk 00:01:34]  [%emt 00:00:56]} 17... Nb7 {[%clk 00:02:26]  [%emt 00:00:32]}
18. Rc1 {[%clk 00:01:22]  [%emt 00:00:13]} 18... Nc5 {
[%clk 00:01:55]  [%emt 00:00:36]} 19. Nxc5 {[%clk 00:01:18]  [%emt 00:00:05]}
19... Qxc5 {[%clk 00:01:56]  [%emt 00:00:04]} 20. Ne4 {
[%clk 00:01:02]  [%emt 00:00:13]} 20... Nxe4 {[%clk 00:01:56]  [%emt 00:00:08]}
21. fxe4 {[%clk 00:00:58]  [%emt 00:00:03]} 21... f5 {
[%clk 00:01:56]  [%emt 00:00:03]} 22. exf5 {[%clk 00:00:34]} 22... Rf8 {
[%clk 00:01:57]  [%emt 00:01:00]} 23. Qe3 {[%emt 00:00:07]} 23... Bxf5 {
[%clk 00:01:24]} 24. Qxc5 {[%clk 00:00:27]  [%emt 00:00:18]} 24... bxc5 {
[%clk 00:01:25]} 25. Bb5 {[%clk 00:00:22]} 25... Be4 {
[%clk 00:01:23]  [%emt 00:00:09]} 26. Rg1 {[%clk 00:00:13]} 26... Bxd5 {
[%clk 00:01:20]  [%emt 00:00:16]} 27. Ke2 {[%clk 00:00:11]} 27... Bb7 {
[%clk 00:01:05]  [%emt 00:00:09]} 28. Rcf1 {[%clk 00:00:09]  [%emt 00:00:18]}
28... d5 {[%clk 00:00:58]} 29. Bd7 {[%clk 00:00:09]} 29... Rxf1 {
[%clk 00:00:16]  [%emt 00:00:50]} 30. Rxf1 {[%clk 00:00:08]} 30... Rf8 {
[%clk 00:00:17]} 31. Be6+ {[%clk 00:00:05]  [%emt 00:00:32]} 31... Kh8 {
[%clk 00:00:18]} 32. Rxf8+ {[%clk 00:00:05]} 32... Bxf8 {[%clk 00:00:19]} 33.
Ba5 {[%clk 00:00:06]} 33... Bd6 {[%clk 00:00:15]  [%emt 00:00:04]} 34. Bd8 {
[%clk 00:00:04]} 34... h6 {[%clk 00:00:07]} 35. Bf5 {[%clk 00:00:04]} 35... Kg8
{[%clk 00:00:09]} 36. Ba5 {[%clk 00:00:03]  [%emt 00:00:04]} 36... Kf7 {
[%clk 00:00:10]} 37. Bd2 {[%clk 00:00:04]} 37... Kf6 {[%clk 00:00:11]} 38. Bd3
{[%clk 00:00:04]} 38... e4 {[%clk 00:00:12]  [%emt 00:00:04]} 39. Bb5 {
[%clk 00:00:05]} 39... d4 {[%clk 00:00:13]} 40. a5 {[%clk 00:00:05]} 40... Bxh2
{[%clk 00:00:13]  [%emt 00:00:03]} 41. a6 {[%clk 00:00:06]} 41... Bd5 {
[%clk 00:00:14]} 42. Ba5 {[%clk 00:00:06]  [%emt 00:00:06]} 42... Bb8 {
[%clk 00:00:14]} 43. b4 {[%clk 00:00:06]} 43... cxb4 {
[%clk 00:00:13]  [%emt 00:00:07]} 44. Bxb4 {[%clk 00:00:07]} 44... e3 {
[%clk 00:00:10]  [%emt 00:00:03]} 45. Bc5 {[%clk 00:00:07]} 45... Ke5 {
[%clk 00:00:11]} 46. c3 {[%clk 00:00:07]  [%emt 00:00:04]} 46... dxc3 {
[%clk 00:00:11]  [%emt 00:00:07]} 47. Kxe3 {[%clk 00:00:07]} 47... c2 {
[%clk 00:00:10]} 48. Kd2 {[%clk 00:00:08]} 48... Bxg2 {
[%clk 00:00:10]  [%emt 00:00:03]} 49. Kxc2 {[%clk 00:00:09]} 49... h5 {
[%clk 00:00:09]  [%emt 00:00:03]} 50. Bg1 {[%clk 00:00:08]  [%emt 00:00:08]}
50... Be4+ {[%clk 00:00:07]  [%emt 00:00:03]} 51. Kc3 {[%clk 00:00:09]} 51...
Kf5 {[%clk 00:00:07]} 52. Bd7+ {[%clk 00:00:09]  [%emt 00:00:04]} 52... Kg6 {
[%clk 00:00:06]  [%emt 00:00:03]} 53. Kd4 {[%clk 00:00:09]} 53... Bg2 {
[%clk 00:00:05]  [%emt 00:00:03]} 54. Kc5 {[%clk 00:00:09]} 54... Bf1 {
[%clk 00:00:05]  [%emt 00:00:04]} 55. Bb5 {[%clk 00:00:06]  [%emt 00:00:04]}
55... Bxb5 {[%emt 00:00:07]} 56. Kxb5 {[%clk 00:00:08]} 56... h4 {
[%clk 00:00:05]  [%emt 00:00:04]} 57. Kc6 {[%clk 00:00:09]} 57... h3 {
[%clk 00:00:04]} 58. Kb7 {[%clk 00:00:10]} 58... h2 {[%emt 00:00:03]} 59. Bxh2
{[%clk 00:00:05]  [%emt 00:00:04]} 59... Bxh2 {[%clk 00:00:06]  [%emt 00:00:03]
} 60. Kxa7 {[%clk 00:00:05]} 60... Bg1+ {[%clk 00:00:06]} 61. Kb7 {
[%clk 00:00:06]  [%emt 00:00:04]} 61... Kf5 {[%clk 00:00:07]} 0-1

[Event "XVII Open Internacional Villa de Ibi"]
[Site "Ibi, Spain"]
[Date "2019.09.08"]
[Round "3.4"]
[White "Plaskett, H James"]
[Black "Pedros Viudes, Enrique"]
[Result "0-1"]
[WhiteElo "2415"]
[BlackElo "2113"]
[PlyCount "146"]
[EventDate "2019.??.??"]

1. e4 {[%clk 00:15:03]} 1... e6 {[%clk 00:14:58]  [%emt 00:00:08]} 2. d4 {
[%clk 00:15:03]  [%emt 00:00:03]} 2... d5 {[%clk 00:14:59]} 3. Nd2 {
[%clk 00:15:03]} 3... Nf6 {[%clk 00:14:58]  [%emt 00:00:06]} 4. e5 {
[%clk 00:15:00]  [%emt 00:00:04]} 4... Nfd7 {[%clk 00:14:57]  [%emt 00:00:03]}
5. c3 {[%clk 00:15:00]} 5... c5 {[%clk 00:14:36]  [%emt 00:00:24]} 6. Ngf3 {
[%clk 00:15:00]  [%emt 00:00:12]} 6... Nc6 {[%clk 00:14:33]  [%emt 00:00:32]}
7. Bd3 {[%clk 00:14:59]} 7... Qb6 {[%clk 00:13:33]  [%emt 00:00:27]} 8. O-O {
[%clk 00:14:59]  [%emt 00:00:06]} 8... Be7 {[%clk 00:13:09]  [%emt 00:00:20]}
9. Re1 {[%clk 00:14:58]  [%emt 00:00:37]} 9... Nf8 {
[%clk 00:12:40]  [%emt 00:00:04]} 10. dxc5 {[%clk 00:14:30]  [%emt 00:00:27]}
10... Bxc5 {[%clk 00:12:37]  [%emt 00:00:05]} 11. Qe2 {
[%clk 00:14:30]  [%emt 00:00:04]} 11... Ng6 {[%clk 00:12:13]  [%emt 00:00:20]}
12. Nb3 {[%clk 00:14:29]  [%emt 00:00:21]} 12... Be7 {
[%clk 00:12:07]  [%emt 00:00:05]} 13. Nbd4 {[%clk 00:14:06]  [%emt 00:00:12]}
13... Bd7 {[%clk 00:11:25]  [%emt 00:00:54]} 14. a3 {
[%clk 00:11:05]  [%emt 00:02:53]} 14... a6 {[%clk 00:11:07]  [%emt 00:00:35]}
15. b4 {[%clk 00:10:54]  [%emt 00:00:04]} 15... Rc8 {
[%clk 00:10:24]  [%emt 00:00:40]} 16. Bd2 {[%clk 00:09:56]  [%emt 00:00:57]}
16... Nxd4 {[%clk 00:09:11]  [%emt 00:01:18]} 17. Nxd4 {
[%clk 00:09:52]  [%emt 00:00:06]} 17... O-O {[%clk 00:08:20]  [%emt 00:01:01]}
18. Qh5 {[%clk 00:09:05]  [%emt 00:00:52]} 18... f5 {
[%clk 00:07:54]  [%emt 00:00:16]} 19. Rac1 {[%clk 00:07:31]  [%emt 00:01:36]}
19... Be8 {[%clk 00:06:30]  [%emt 00:01:26]} 20. Qe2 {
[%clk 00:07:23]  [%emt 00:00:33]} 20... Bf7 {[%clk 00:05:59]  [%emt 00:00:09]}
21. g3 {[%clk 00:06:13]  [%emt 00:01:23]} 21... Qd8 {
[%clk 00:04:59]  [%emt 00:01:24]} 22. Kg2 {[%clk 00:06:00]  [%emt 00:00:08]}
22... Qd7 {[%clk 00:04:30]  [%emt 00:00:09]} 23. Kg1 {
[%clk 00:05:02]  [%emt 00:00:59]} 23... Qd8 {[%clk 00:04:28]  [%emt 00:00:07]}
24. Kg2 {[%clk 00:04:35]  [%emt 00:00:24]} 24... Kh8 {
[%clk 00:04:14]  [%emt 00:00:16]} 25. f4 {[%clk 00:04:30]  [%emt 00:00:17]}
25... Rg8 {[%clk 00:04:09]  [%emt 00:00:04]} 26. Be3 {
[%clk 00:04:16]  [%emt 00:00:09]} 26... Nf8 {[%clk 00:04:08]  [%emt 00:00:33]}
27. Nf3 {[%clk 00:03:40]  [%emt 00:00:07]} 27... h6 {
[%clk 00:03:56]  [%emt 00:00:18]} 28. Kf2 {[%clk 00:03:38]  [%emt 00:00:03]}
28... Bh5 {[%clk 00:03:30]  [%emt 00:00:26]} 29. Qd2 {
[%clk 00:03:35]  [%emt 00:00:17]} 29... g5 {[%clk 00:03:09]  [%emt 00:00:10]}
30. Nd4 {[%clk 00:03:18]  [%emt 00:00:39]} 30... gxf4 {
[%clk 00:01:37]  [%emt 00:01:16]} 31. Bxf4 {[%clk 00:03:18]  [%emt 00:00:29]}
31... Bg5 {[%clk 00:01:33]  [%emt 00:00:03]} 32. Rg1 {[%clk 00:03:06]} 32...
Bg4 {[%clk 00:01:16]  [%emt 00:00:08]} 33. Qe3 {
[%clk 00:03:02]  [%emt 00:00:14]} 33... Rg7 {[%clk 00:00:56]  [%emt 00:00:15]}
34. h3 {[%clk 00:02:42]  [%emt 00:00:21]} 34... Bh5 {
[%clk 00:00:42]  [%emt 00:00:28]} 35. Rg2 {[%clk 00:02:21]  [%emt 00:00:11]}
35... Bxf4 {[%clk 00:00:37]  [%emt 00:00:07]} 36. Qxf4 {
[%clk 00:02:20]  [%emt 00:00:11]} 36... Qg5 {[%clk 00:00:36]  [%emt 00:00:03]}
37. Qxg5 {[%clk 00:01:06]  [%emt 00:01:23]} 37... Rxg5 {[%clk 00:00:37]} 38.
Ke3 {[%clk 00:00:54]  [%emt 00:00:14]} 38... Kg7 {[%clk 00:00:26]} 39. Kd2 {
[%clk 00:00:51]  [%emt 00:00:09]} 39... Kf7 {[%clk 00:00:23]  [%emt 00:00:11]}
40. Rf1 {[%clk 00:00:46]} 40... Ke7 {[%clk 00:00:22]  [%emt 00:00:12]} 41. h4 {
[%clk 00:00:38]  [%emt 00:00:15]} 41... Rg8 {[%clk 00:00:12]} 42. Rgg1 {
[%clk 00:00:31]  [%emt 00:00:07]} 42... Nd7 {[%clk 00:00:10]  [%emt 00:00:03]}
43. Re1 {[%clk 00:00:26]  [%emt 00:00:10]} 43... Nb6 {
[%clk 00:00:06]  [%emt 00:00:03]} 44. Kc2 {[%clk 00:00:17]  [%emt 00:00:11]}
44... Na4 {[%clk 00:00:06]  [%emt 00:00:04]} 45. Kd2 {
[%clk 00:00:11]  [%emt 00:00:11]} 45... Nxc3 {[%clk 00:00:06]} 46. Rc1 {
[%clk 00:00:10]} 46... Na4 {[%clk 00:00:05]  [%emt 00:00:03]} 47. Rxc8 {
[%clk 00:00:09]  [%emt 00:00:04]} 47... Rxc8 {[%clk 00:00:06]} 48. Rf1 {
[%clk 00:00:11]  [%emt 00:00:03]} 48... Nb2 {[%clk 00:00:05]} 49. Bb1 {
[%clk 00:00:08]  [%emt 00:00:04]} 49... Nc4+ {[%clk 00:00:06]  [%emt 00:00:06]}
50. Kc1 {[%clk 00:00:06]  [%emt 00:00:04]} 50... Nxa3+ {[%clk 00:00:06]} 51.
Kd2 {[%clk 00:00:06]} 51... Nc4+ {[%clk 00:00:07]  [%emt 00:00:04]} 52. Ke1 {
[%clk 00:00:07]} 52... Ne3 {[%clk 00:00:08]} 53. Rf2 {
[%clk 00:00:06]  [%emt 00:00:03]} 53... Rc1+ 54. Kd2 Rxb1 {
[%clk 00:00:09]  [%emt 00:00:04]} 55. Kxe3 {[%clk 00:00:09]} 55... Re1+ {
[%clk 00:00:09]  [%emt 00:00:08]} 56. Kd2 {[%clk 00:00:10]} 56... Rxe5 {
[%clk 00:00:08]  [%emt 00:00:04]} 57. Rf1 {[%clk 00:00:09]} 57... Re4 {
[%clk 00:00:09]} 58. Nf3 {[%clk 00:00:09]} 58... Rxb4 {[%clk 00:00:10]} 59. Ne5
{[%clk 00:00:10]  [%emt 00:00:03]} 59... Re4 {[%clk 00:00:11]} 60. Nd3 {
[%clk 00:00:10]} 60... Ra4 {[%clk 00:00:12]  [%emt 00:00:04]} 61. Rb1 {
[%clk 00:00:11]} 61... b5 {[%clk 00:00:13]} 62. Rc1 {[%clk 00:00:12]} 62...
Ra2+ {[%clk 00:00:14]  [%emt 00:00:04]} 63. Ke3 {[%clk 00:00:14]} 63... Kd6 {
[%clk 00:00:16]} 64. Nf4 {[%clk 00:00:14]} 64... Bg4 {
[%clk 00:00:16]  [%emt 00:00:03]} 65. Rc8 {[%clk 00:00:15]} 65... Ra3+ {
[%emt 00:00:03]} 66. Kf2 {[%clk 00:00:15]} 66... Rf3+ {[%clk 00:00:18]} 67. Kg2
{[%clk 00:00:17]} 67... a5 {[%clk 00:00:18]  [%emt 00:00:03]} 68. Rb8 {
[%clk 00:00:17]  [%emt 00:00:07]} 68... b4 {[%clk 00:00:19]} 69. Rb6+ {
[%clk 00:00:18]} 69... Kc5 {[%clk 00:00:20]} 70. Rxe6 {
[%clk 00:00:19]  [%emt 00:00:03]} 70... Rxf4 {[%clk 00:00:20]} 71. gxf4 a4 72.
Kf2 {[%clk 00:00:10]  [%emt 00:00:07]} 72... b3 {
[%clk 00:00:21]  [%emt 00:00:11]} 73. Re8 {[%clk 00:00:09]} 73... a3 {
[%emt 00:00:14]} 0-1

[Event "XVII Open Internacional Villa de Ibi"]
[Site "Ibi, Spain"]
[Date "2019.09.08"]
[Round "3.5"]
[White "Diaz Velandia, Jose Manuel"]
[Black "Sanchez Carayol, Jesus Carlos"]
[Result "1-0"]
[WhiteElo "2372"]
[BlackElo "2093"]
[PlyCount "65"]
[EventDate "2019.??.??"]

1. d4 {[%clk 00:14:31]  [%emt 00:00:36]} 1... d5 {
[%clk 00:15:01]  [%emt 00:00:04]} 2. Nf3 {[%clk 00:14:31]} 2... Nf6 {
[%clk 00:15:00]  [%emt 00:00:05]} 3. e3 {[%clk 00:14:32]} 3... e6 {
[%clk 00:14:54]  [%emt 00:00:06]} 4. Bd3 {[%clk 00:14:32]} 4... c5 {
[%clk 00:14:39]  [%emt 00:00:18]} 5. c3 {[%clk 00:14:32]  [%emt 00:00:11]} 5...
Nc6 {[%clk 00:14:35]} 6. Nbd2 {[%clk 00:14:32]} 6... a6 {
[%clk 00:14:17]  [%emt 00:00:39]} 7. O-O {[%clk 00:14:32]} 7... Be7 {
[%clk 00:13:17]  [%emt 00:00:43]} 8. dxc5 {[%clk 00:14:31]  [%emt 00:00:06]}
8... Bxc5 {[%clk 00:13:16]  [%emt 00:00:04]} 9. e4 {[%clk 00:14:31]} 9... dxe4
{[%clk 00:13:04]  [%emt 00:00:12]} 10. Nxe4 {[%clk 00:14:31]} 10... Nxe4 {
[%clk 00:13:00]  [%emt 00:00:10]} 11. Bxe4 {[%clk 00:14:31]  [%emt 00:00:05]}
11... Qxd1 {[%clk 00:12:48]  [%emt 00:00:10]} 12. Rxd1 {
[%clk 00:14:31]  [%emt 00:00:05]} 12... O-O {[%clk 00:11:34]  [%emt 00:01:13]}
13. Bxc6 {[%clk 00:13:56]  [%emt 00:00:37]} 13... bxc6 {[%clk 00:11:35]} 14.
Ne5 {[%clk 00:13:56]  [%emt 00:00:06]} 14... f6 {
[%clk 00:08:01]  [%emt 00:03:32]} 15. Nxc6 {[%clk 00:13:48]  [%emt 00:00:20]}
15... Bb7 {[%clk 00:07:27]  [%emt 00:00:27]} 16. Na5 {
[%clk 00:13:47]  [%emt 00:00:15]} 16... Bd5 {[%clk 00:07:16]  [%emt 00:00:05]}
17. Be3 {[%clk 00:13:41]  [%emt 00:00:06]} 17... Bxe3 {
[%clk 00:07:04]  [%emt 00:00:11]} 18. fxe3 {[%clk 00:13:42]} 18... Rfc8 {
[%clk 00:06:35]  [%emt 00:00:32]} 19. Rd4 {[%clk 00:13:21]  [%emt 00:00:23]}
19... f5 {[%clk 00:05:36]  [%emt 00:01:06]} 20. c4 {
[%clk 00:13:17]  [%emt 00:00:05]} 20... Be4 {[%clk 00:05:37]} 21. b4 {
[%clk 00:12:58]  [%emt 00:00:19]} 21... Rab8 {[%clk 00:05:15]  [%emt 00:00:23]}
22. a3 {[%clk 00:12:59]  [%emt 00:00:06]} 22... e5 {[%clk 00:05:14]} 23. Rd6 {
[%clk 00:12:52]  [%emt 00:00:10]} 23... Rf8 {[%clk 00:04:44]  [%emt 00:00:33]}
24. Rf1 {[%clk 00:12:11]  [%emt 00:00:39]} 24... Rbd8 {
[%clk 00:04:40]  [%emt 00:00:06]} 25. Rfd1 {[%clk 00:11:25]  [%emt 00:00:49]}
25... Ra8 {[%clk 00:04:10]  [%emt 00:00:35]} 26. c5 {
[%clk 00:11:03]  [%emt 00:00:20]} 26... h5 {[%clk 00:03:54]  [%emt 00:00:18]}
27. Re6 {[%clk 00:10:55]  [%emt 00:00:10]} 27... Rfe8 {
[%clk 00:03:38]  [%emt 00:00:23]} 28. Rxe8+ {[%clk 00:10:52]  [%emt 00:00:09]}
28... Rxe8 {[%clk 00:03:39]} 29. a4 {[%clk 00:09:58]  [%emt 00:00:54]} 29...
Re6 {[%clk 00:03:39]} 30. b5 {[%clk 00:09:30]  [%emt 00:00:32]} 30... axb5 {
[%clk 00:03:02]  [%emt 00:00:35]} 31. axb5 {[%clk 00:09:30]} 31... Kf7 {
[%clk 00:00:36]  [%emt 00:02:29]} 32. c6 {[%clk 00:09:23]  [%emt 00:00:09]}
32... Ke7 {[%clk 00:00:07]  [%emt 00:00:37]} 33. c7 {
[%clk 00:09:14]  [%emt 00:00:04]} 1-0